Select the correct tiles- Flags - Statistics

General Stats
  • This quiz has been taken 10 times
  • The average score is 60 of 66
Answer Stats
Question Tile Select % Correct
EU members? (7) No
100%
EU members? (7) No
100%
EU members? (7) Yes
100%
EU members? (7) Yes
100%
EU members? (7) No
100%
EU members? (7) Yes
100%
Which flags belong to Asia?(9) Yes
100%
Which flags belong to Asia?(9) Yes
100%
Which flags belong to Asia?(9) No
100%
Which flags belong to Asia?(9) Yes
100%
Which flags belong to Asia?(9) No
100%
Which flags belong to Asia?(9) Yes
100%
Which flags belong to Asia?(9) Yes
100%
Which flags belong to Asia?(9) No
100%
South american countries (4) No
100%
South american countries (4) No
100%
South american countries (4) Yes
100%
South american countries (4) No
100%
South american countries (4) Yes
100%
South american countries (4) No
100%
The country from oceania (1) Yes
100%
The country from oceania (1) No
100%
The country from oceania (1) No
100%
The country from oceania (1) No
100%
The country from oceania (1) No
100%
The country from oceania (1) No
100%
The country from oceania (1) No
100%
The country from oceania (1) No
100%
The country from oceania (1) No
100%
The country from oceania (1) No
100%
The country from oceania (1) No
100%
The country from oceania (1) No
100%
Which flags are from countries that are from Africa?(8) No
100%
Which flags are from countries that are from Africa?(8) Yes
100%
Which flags are from countries that are from Africa?(8) Yes
100%
Which flags are from countries that are from Africa?(8) Yes
100%
Which flags are from countries that are from Africa?(8) Yes
100%
Which flags are from countries that are from Africa?(8) Yes
100%
EU members? (7) No
86%
EU members? (7) No
86%
EU members? (7) No
86%
EU members? (7) Yes
86%
EU members? (7) Yes
86%
Which flags belong to Asia?(9) Yes
86%
Which flags belong to Asia?(9) No
86%
Which flags belong to Asia?(9) Yes
86%
Which flags belong to Asia?(9) No
86%
Which flags belong to Asia?(9) No
86%
South american countries (4) Yes
86%
South american countries (4) Yes
86%
Which flags are from countries that are from Africa?(8) Yes
86%
Which flags are from countries that are from Africa?(8) No
86%
Which flags are from countries that are from Africa?(8) No
86%
Which flags are from countries that are from Africa?(8) Yes
86%
Which flags are from countries that are from Africa?(8) No
86%
EU members? (7) Yes
71%
EU members? (7) No
71%
Which flags belong to Asia?(9) No
71%
South american countries (4) No
71%
Which flags are from countries that are from Africa?(8) No
71%
Which flags are from countries that are from Africa?(8) No
71%
Which flags are from countries that are from Africa?(8) No
71%
Which flags are from countries that are from Africa?(8) Yes
71%
EU members? (7) No
57%
EU members? (7) Yes
57%
Which flags belong to Asia?(9) Yes
57%
No matching quizzes found
Score Distribution
Percent of People with Each Score
Percentile by Number Answered
Your Score History
You have not taken this quiz